00230 a2200085 450000500170000002000180001710000190003524500540005426000360010820260228142854.0 a9781647405182 aGeorge Doering aCoastal Systems: Dynamic Processes and Management bSyrawood Publishing Housec2025